| 000 | 01605nam a22002657a 4500 | ||
|---|---|---|---|
| 999 |
_c342857 _d342857 |
||
| 001 | 56775 | ||
| 003 | UA-OsUOA | ||
| 005 | 20230504161256.0 | ||
| 007 | ta | ||
| 008 | 20081110b un ||||| |||| 00| 0 ukr d | ||
| 020 | _a9663463058 | ||
| 040 |
_aUA-OsUOA _bukr _cUA-OsUOA _dUA-OsUOA |
||
| 041 | _aukr | ||
| 080 | _a323.174(4) | ||
| 090 |
_a323.174(4) _bК17 |
||
| 100 | _aКалитчак Р. | ||
| 245 | _aРегіоналізм у європейських інтеграційних процесах | ||
| 260 |
_aК. _bЗнання _c2007 |
||
| 300 | _a303 с. | ||
| 520 | _aПроаналізовано особливості трактування поняття “регіон”, розкрито сутність регіоналізму засобами політичної науки, систематизовано і класифіковано концептуально- теоретичні підходи та практичні політичні форми реалізації регіоналізму. Визначено теоретичні засади європейського регіоналізму і детально розглянуто його інституційний вимір. Проаналізовано розвиток регіоналізму на тлі європейських інтеграційних процесів на прикладі Італійської Республіки. | ||
| 650 | 7 |
_a32 Політика _2UDC |
|
| 942 |
_cBK _2udc |
||
| 955 | _a2 | ||